000 00639nam a2200241Ia 4500
003 OSt
005 20220924131911.0
006 a|||||r|||| 00| 0
007 ta
008 220923b |||||||| |||| 00| 0 tel d
020 _c20.00
024 _a336948
037 _cTextual
040 _aARTS
_cARTS
_btel
041 _2tel
_atel
082 _a035,3NSY,4, M6
100 _aSyamala Rani A. Au.
_9203211
245 0 _aPavitra
260 _aVijayawada
_bNavajyothi publications
_c1986
650 _aTELUGU FICTION
942 _h035,3NSY,4, M6
_cTEXL
_2CC
999 _c428578
_d428578